000
00234nam a22000857a 4500
008
160714b xxu||||| |||| 00| 0 eng d
100
_9
2826
_a
Aggarwal (Hindi)
245
_a
Science (Hindi)
260
_a
New Delhi
_b
Vikram Park Publication
_c
2010
999
_c
2420
_d
2420